Straßen beginnend mit E - Moers - Statistiken

Allgemein
  • Dieses Quiz wurde 2 mal gespielt
  • Das Durchschnittsergebnis liegt bei 6 aus 37
Antwortstatistiken
Antwort % Korrekt
Eichenstraße
100%
Eibenweg
50%
Eichendorffstraße
50%
Einsteinstraße
50%
Eisenstraße
50%
Elbestraße
50%
Elisenstraße
50%
Elsterstraße
50%
Erlenweg
50%
Eschenweg
50%
Eulenweg
50%
Edmundstraße
0%
Eduardstraße
0%
Egonstraße
0%
Ehrenmalstraße
0%
Eicker Grund
0%
Elbinger Ring
0%
Elenastraße
0%
Elisabeth-Selbert-Straße
0%
Elly-Heuss-Knapp-Weg
0%
Emanuelstraße
0%
Emil-Nolde-Straße
0%
Endstraße
0%
Engelbertstraße
0%
Engelsberg
0%
Erftstraße
0%
Erich-Kästner-Straße
0%
Erikaweg
0%
Ernst-Barlach-Straße
0%
Ernst-Holla-Straße
0%
Ernststraße
0%
Erzgebirgsstraße
0%
Essenberger Straße
0%
Eupener Platz
0%
Eupener Straße
0%
Eurotec-Ring
0%
Ewaldstraße
0%
Keine übereinstimmenden Quizze gefunden
Verteilung der Resultate
Anzahl Personen mit jedem Resultat
Perzentil nach korrekt beantworteten Fragen
Ihre Resultats-Entwicklung
Sie haben dieses Quiz noch nicht gespielt